000 00491nam a2200181 a 4500
001 1757847043858
003 ACL
005 20250914162659.0
008 250914s2008##################000#0#eng##
020 _a9780748634453
082 0 4 _a791.430947
_bDOB
100 1 _aDobrenko, Evgeniĭ Aleksandrovich,
_eauthor.
245 1 0 _aStalinist Cinema and the Production of History :
260 _c2008.
650 0 _aCommunism and motion pictures.
942 _cENGLISH
040 _aACL
_beng
_cACL
999 _c586748
_d586748